{"text_format":"1","workbook":"xlsx","n_sheets":2,"sheets":["List1","DS"],"not_rendered":{"charts":0,"images":0,"macros":1,"external_links":0,"defined_names":1,"comments":0,"pivot_tables":0},"unopened":[],"bounds":{"document_bytes":16777216,"sheet_cells":100000,"rows_first":2000,"rows_last":500,"rows_between":2000,"halvings":0,"cell_chars":16384,"cell_head_chars":4096},"cells_cut":0,"cells_raw":0,"read":"whole","date_system":"1900"}

{"sheet":"List1","index":0,"n_rows":18,"n_cols":8,"rows_kept":18,"cut":false,"hidden":false,"merged":[]}
["FAK","niečo","dačo","voľačo","hocičo","kadečo","no a čo","Fak2"]
[6525,null,null,null,null,null,null,{"$f":"SUM(B2:G2)","v":0}]
[1256,null,null,null,null,null,null,0]
[1258,null,null,null,null,null,null,0]
[6545,null,null,null,null,null,null,0]
[null,null,1000,200,50,6,null,1256]
[null,5,10,40,1000,100,100,1255]
[1236,null,null,null,null,null,null,0]
[2315,null,null,null,null,null,null,0]
[1254,null,null,null,null,null,null,0]
[1254,null,null,null,null,null,null,0]
[null,1000,1000,400,110,5,50,2565]
[null,50,6,200,500,500,null,1256]
[1215,null,null,null,null,null,null,0]
[1215,null,null,null,null,null,null,0]
[1233,null,null,null,null,null,null,0]
[0,null,1,2,3,5,null,11]
[0,null,10,11,21,21,null,63]

{"sheet":"DS","index":1,"n_rows":71,"n_cols":32,"rows_kept":71,"cut":false,"hidden":false,"merged":[]}
["OČV","Název","Mj","Množ.","Cena/mj","% DPH","Celkem bez DPH","Celkem s DPH","Poznámka","DPH","Šarže","Datum spotřeby","Datum","Č. příjemce","Č. zákazník","IČ","DIČ","Příjemce","Zákazník","Typ fakturace","Druh zboží","Sklad","Období","Dod. list","Faktura","Pok. dokl.","Celní číslo","Řidič","Linka","Popis linky","Hr.fakt","Test"]
[10001,"Lopata (š: 202101 / 15.05.21)","ks",1,51,21,51,61.71,"Norm 1",10.71,null,null,"2020-09-01",100100,100100,44223081,"CZ44223081","PAPEI, a.s.","PAPEI, a.s.",1,3,30,"09_2020",12100001,22100001,32100000,10203040,null,null,null,{"$f":"AF2","v":""},""]
[10002,"Rýč","kg",2,52,21,104,125.84,"Norm 2",21.84,null,null,"2020-09-01",100100,100100,44223081,"CZ44223081","PAPEI, a.s.","PAPEI, a.s.",1,3,30,"09_2020",12100001,22100001,null,10203050,null,null,null,{"$f":"AF3","v":""},""]
[10003,"Hrábě","ks",3,53,21,159,192.39,"Norm 3",33.39,null,null,"2020-09-01",100100,100100,44223081,"CZ44223081","PAPEI, a.s.","PAPEI, a.s.",1,3,30,"09_2020",12100001,22100001,null,10203060,null,null,null,"",""]
[10001,"Lopata (š: 202101/15.05.21)","ks",1,31,0,31,31,"A",0,null,null,"2020-12-15",100200,100200,87654321,"CZ87654321","ŠIKAMODELS","ŠIKAMODELS",1,1,10,"12_2020",12100002,22100002,null,10203040,"Jaroslav Šika",12,"Teplice 2","",""]
[10002,"Rýč (š: 202101/15.05.21)","kg",2,32,10,64,70.400000000000006,"A",6.4,null,null,"2020-12-15",100200,100200,87654321,"CZ87654321","ŠIKAMODELS","ŠIKAMODELS",1,2,20,"12_2020",12100002,22100002,null,10203050,"Jaroslav Šika",12,"Teplice 2","",""]
[10003,"Hrábě (š: 202101/15.05.21)","ks",3,33,15,99,113.85,"A",14.85,null,null,"2020-12-15",100200,100200,87654321,"CZ87654321","ŠIKAMODELS","ŠIKAMODELS",1,3,30,"12_2020",12100002,22100002,null,10203060,"Jaroslav Šika",12,"Teplice 2","",""]
[10004,"Krumpáč","kg",5,34,21,170,205.7,"A",35.700000000000003,null,null,"2020-12-15",100200,100200,87654321,"CZ87654321","ŠIKAMODELS","ŠIKAMODELS",1,1,10,"12_2020",12100002,22100002,null,10203070,"Jaroslav Šika",12,"Teplice 2","",""]
[10001,"Lopata (š: 202101/15.05.21)","ks",1,41,0,41,41,"A",0,null,null,"2020-12-15",100100,100100,44223081,"CZ44223081","PAPEI, a.s.","PAPEI, a.s.",1,1,10,"12_2020",12100003,22100003,"",10203040,"Jaroslav Šika",12,"Teplice 2","",""]
[10002,"Rýč (š: 202101/15.05.21)","kg",2,42,10,84,92.4,"A",8.4,null,null,"2020-12-15",100100,100100,44223081,"CZ44223081","PAPEI, a.s.","PAPEI, a.s.",1,2,20,"12_2020",12100003,22100003,"",10203050,"Jaroslav Šika",12,"Teplice 2","",""]
[10003,"Hrábě (š: 202101/15.05.21)","ks",3,43,15,129,148.35,"A",19.350000000000001,null,null,"2020-12-15",100100,100100,44223081,"CZ44223081","PAPEI, a.s.","PAPEI, a.s.",1,3,30,"12_2020",12100003,22100003,"",10203060,"Jaroslav Šika",12,"Teplice 2","",""]
[10001,"Lopata","ks",11,41,0,451,451,"A",0,null,null,"2020-12-15",100100,100100,44223081,"CZ44223081","PAPEI, a.s.","PAPEI, a.s.",1,1,10,"12_2020",12100004,22100004,"",10203040,"Jaroslav Šika",12,"Teplice 2","",""]
[10002,"Rýč","kg",12,42,10,504,554.4,"A",50.4,null,null,"2020-12-15",100100,100100,44223081,"CZ44223081","PAPEI, a.s.","PAPEI, a.s.",1,2,20,"12_2020",12100004,22100004,"",10203050,"Jaroslav Šika",12,"Teplice 2","",""]
[10003,"Hrábě","ks",13,43,15,559,642.85,"A",83.85,null,null,"2020-12-15",100100,100100,44223081,"CZ44223081","PAPEI, a.s.","PAPEI, a.s.",1,3,30,"12_2020",12100004,22100004,"",10203060,"Jaroslav Šika",12,"Teplice 2","",""]
[10004,"Krumpáč","kg",14,44,21,616,745.36,"A",129.36000000000001,null,null,"2020-12-15",100100,100100,44223081,"CZ44223081","PAPEI, a.s.","PAPEI, a.s.",1,1,10,"12_2020",12100004,22100004,"",10203070,"Jaroslav Šika",12,"Teplice 2","",""]
[10001,"Lopata (š: 1/01.02.21)","ks",11,41,0,451,451,"A",0,1,"2021-02-01","2020-12-15",100100,100100,44223081,"CZ44223081","PAPEI, a.s.","PAPEI, a.s.",1,1,10,"12_2020",12100005,22100005,"",10203040,"Jaroslav Šika",12,"Teplice 2","",""]
[10002,"Rýč","kg",12,42,10,504,554.4,"A",50.4,null,null,"2020-12-15",100100,100100,44223081,"CZ44223081","PAPEI, a.s.","PAPEI, a.s.",1,2,20,"12_2020",12100005,22100005,"",10203050,"Jaroslav Šika",12,"Teplice 2","",""]
[10003,"Hrábě","ks",13,43,15,559,642.85,"A",83.85,null,null,"2020-12-15",100100,100100,44223081,"CZ44223081","PAPEI, a.s.","PAPEI, a.s.",1,3,30,"12_2020",12100005,22100005,"",10203060,"Jaroslav Šika",12,"Teplice 2","",""]
[10004,"Krumpáč","kg",14,44,21,616,745.36,"A",129.36000000000001,null,null,"2020-12-15",100100,100100,44223081,"CZ44223081","PAPEI, a.s.","PAPEI, a.s.",1,1,10,"12_2020",12100005,22100005,"",10203070,"Jaroslav Šika",12,"Teplice 2","",""]
[10001,"Lopata (š: 1/01.02.21)","ks",11,41,0,451,451,"A",0,1,"2021-02-01","2020-12-15",100100,100100,44223081,"CZ44223081","PAPEI, a.s.","PAPEI, a.s.",1,1,10,"12_2020",12100006,22100006,"",10203040,"Jaroslav Šika",12,"Teplice 2","",""]
[10002,"Rýč","kg",12,42,10,504,554.4,"A",50.4,null,null,"2020-12-15",100100,100100,44223081,"CZ44223081","PAPEI, a.s.","PAPEI, a.s.",1,2,20,"12_2020",12100006,22100006,"",10203050,"Jaroslav Šika",12,"Teplice 2","",""]
[10003,"Hrábě","ks",13,43,15,559,642.85,"A",83.85,null,null,"2020-12-15",100100,100100,44223081,"CZ44223081","PAPEI, a.s.","PAPEI, a.s.",1,3,30,"12_2020",12100006,22100006,"",10203060,"Jaroslav Šika",12,"Teplice 2","",""]
[10004,"Krumpáč","kg",14,44,21,616,745.36,"A",129.36000000000001,null,null,"2020-12-15",100100,100100,44223081,"CZ44223081","PAPEI, a.s.","PAPEI, a.s.",1,1,10,"12_2020",12100006,22100006,"",10203070,"Jaroslav Šika",12,"Teplice 2","",""]
[10001,"Lopata (š: 1/01.02.21)","ks",11,41,0,451,451,"A",0,1,"2021-02-01","2020-12-15",100100,100100,44223081,"CZ44223081","PAPEI, a.s.","PAPEI, a.s.",1,1,10,"12_2020",12100007,22100007,"",10203040,"Jaroslav Šika",12,"Teplice 2","",""]
[10002,"Rýč","kg",12,42,10,504,554.4,"A",50.4,null,null,"2020-12-15",100100,100100,44223081,"CZ44223081","PAPEI, a.s.","PAPEI, a.s.",1,2,20,"12_2020",12100007,22100007,"",10203050,"Jaroslav Šika",12,"Teplice 2","",""]
[10003,"Hrábě","ks",13,43,15,559,642.85,"A",83.85,null,null,"2020-12-15",100100,100100,44223081,"CZ44223081","PAPEI, a.s.","PAPEI, a.s.",1,3,30,"12_2020",12100007,22100007,"",10203060,"Jaroslav Šika",12,"Teplice 2","",""]
[10004,"Krumpáč","kg",14,44,21,616,745.36,"A",129.36000000000001,null,null,"2020-12-15",100100,100100,44223081,"CZ44223081","PAPEI, a.s.","PAPEI, a.s.",1,1,10,"12_2020",12100007,22100007,"",10203070,"Jaroslav Šika",12,"Teplice 2","",""]
[10001,"Lopata","ks",1,31,0,31,31,"A",0,null,null,"2020-12-15",100200,100200,87654321,"CZ87654321","ŠIKAMODELS","ŠIKAMODELS",1,1,10,"12_2020",12100008,22100008,32100001,10203040,"Jaroslav Šika",12,"Teplice 2","",""]
[10002,"Rýč","kg",2,32,10,64,70.400000000000006,"A",6.4,null,null,"2020-12-15",100200,100200,87654321,"CZ87654321","ŠIKAMODELS","ŠIKAMODELS",1,2,20,"12_2020",12100008,22100008,32100001,10203050,"Jaroslav Šika",12,"Teplice 2","",""]
[10003,"Hrábě","ks",3,33,15,99,113.85,"A",14.85,null,null,"2020-12-15",100200,100200,87654321,"CZ87654321","ŠIKAMODELS","ŠIKAMODELS",1,3,30,"12_2020",12100008,22100008,32100001,10203060,"Jaroslav Šika",12,"Teplice 2","",""]
[10004,"Krumpáč","kg",4,34,21,136,164.56,"A",28.56,null,null,"2020-12-15",100200,100200,87654321,"CZ87654321","ŠIKAMODELS","ŠIKAMODELS",1,1,10,"12_2020",12100008,22100008,32100001,10203070,"Jaroslav Šika",12,"Teplice 2","",""]
[10001,"Lopata","ks",5,31,0,155,155,"A",0,null,null,"2020-12-15",100200,100200,87654321,"CZ87654321","ŠIKAMODELS","ŠIKAMODELS",1,1,10,"12_2020",12100008,22100008,32100001,10203040,"Jaroslav Šika",12,"Teplice 2","",""]
[10002,"Rýč","kg",6,32,10,192,211.2,"A",19.2,null,null,"2020-12-15",100200,100200,87654321,"CZ87654321","ŠIKAMODELS","ŠIKAMODELS",1,2,20,"12_2020",12100008,22100008,32100001,10203050,"Jaroslav Šika",12,"Teplice 2","",""]
[10003,"Hrábě","ks",7,33,15,231,265.64999999999998,"A",34.65,null,null,"2020-12-15",100200,100200,87654321,"CZ87654321","ŠIKAMODELS","ŠIKAMODELS",1,3,30,"12_2020",12100008,22100008,32100001,10203060,"Jaroslav Šika",12,"Teplice 2","",""]
[10004,"Krumpáč","kg",8,34,21,272,329.12,"A",57.12,null,null,"2020-12-15",100200,100200,87654321,"CZ87654321","ŠIKAMODELS","ŠIKAMODELS",1,1,10,"12_2020",12100008,22100008,32100001,10203070,"Jaroslav Šika",12,"Teplice 2","",""]
[10001,"Lopata","ks",9,31,0,279,279,"A",0,null,null,"2020-12-15",100200,100200,87654321,"CZ87654321","ŠIKAMODELS","ŠIKAMODELS",1,1,10,"12_2020",12100008,22100008,32100001,10203040,"Jaroslav Šika",12,"Teplice 2","",""]
[10002,"Rýč","kg",10,32,10,320,352,"A",32,null,null,"2020-12-15",100200,100200,87654321,"CZ87654321","ŠIKAMODELS","ŠIKAMODELS",1,2,20,"12_2020",12100008,22100008,32100001,10203050,"Jaroslav Šika",12,"Teplice 2","",""]
[10003,"Hrábě","ks",11,33,15,363,417.45,"A",54.45,null,null,"2020-12-15",100200,100200,87654321,"CZ87654321","ŠIKAMODELS","ŠIKAMODELS",1,3,30,"12_2020",12100008,22100008,32100001,10203060,"Jaroslav Šika",12,"Teplice 2","",""]
[10004,"Krumpáč","kg",12,34,21,408,493.68,"A",85.68,null,null,"2020-12-15",100200,100200,87654321,"CZ87654321","ŠIKAMODELS","ŠIKAMODELS",1,1,10,"12_2020",12100008,22100008,32100001,10203070,"Jaroslav Šika",12,"Teplice 2","",""]
[10001,"Lopata","ks",1,31,0,31,31,"A",0,null,null,"2020-12-15",100200,100200,87654321,"CZ87654321","ŠIKAMODELS","ŠIKAMODELS",1,1,10,"12_2020",12100009,22100009,32100002,10203040,"Jaroslav Šika",12,"Teplice 2","",""]
[10002,"Rýč","kg",2,32,10,64,70.400000000000006,"A",6.4,null,null,"2020-12-15",100200,100200,87654321,"CZ87654321","ŠIKAMODELS","ŠIKAMODELS",1,2,20,"12_2020",12100009,22100009,32100002,10203050,"Jaroslav Šika",12,"Teplice 2","",""]
[10003,"Hrábě","ks",3,33,15,99,113.85,"A",14.85,null,null,"2020-12-15",100200,100200,87654321,"CZ87654321","ŠIKAMODELS","ŠIKAMODELS",1,3,30,"12_2020",12100009,22100009,32100002,10203060,"Jaroslav Šika",12,"Teplice 2","",""]
[10004,"Krumpáč","kg",4,34,21,136,164.56,"A",28.56,null,null,"2020-12-15",100200,100200,87654321,"CZ87654321","ŠIKAMODELS","ŠIKAMODELS",1,1,10,"12_2020",12100009,22100009,32100002,10203070,"Jaroslav Šika",12,"Teplice 2","",""]
[10001,"Lopata","ks",5,31,0,155,155,"A",0,null,null,"2020-12-15",100200,100200,87654321,"CZ87654321","ŠIKAMODELS","ŠIKAMODELS",1,1,10,"12_2020",12100009,22100009,32100002,10203040,"Jaroslav Šika",12,"Teplice 2","",""]
[10002,"Rýč","kg",6,32,10,192,211.2,"A",19.2,null,null,"2020-12-15",100200,100200,87654321,"CZ87654321","ŠIKAMODELS","ŠIKAMODELS",1,2,20,"12_2020",12100009,22100009,32100002,10203050,"Jaroslav Šika",12,"Teplice 2","",""]
[10003,"Hrábě","ks",7,33,15,231,265.64999999999998,"A",34.65,null,null,"2020-12-15",100200,100200,87654321,"CZ87654321","ŠIKAMODELS","ŠIKAMODELS",1,3,30,"12_2020",12100009,22100009,32100002,10203060,"Jaroslav Šika",12,"Teplice 2","",""]
[10004,"Krumpáč","kg",8,34,21,272,329.12,"A",57.12,null,null,"2020-12-15",100200,100200,87654321,"CZ87654321","ŠIKAMODELS","ŠIKAMODELS",1,1,10,"12_2020",12100009,22100009,32100002,10203070,"Jaroslav Šika",12,"Teplice 2","",""]
[10001,"Lopata","ks",9,31,0,279,279,"A",0,null,null,"2020-12-15",100200,100200,87654321,"CZ87654321","ŠIKAMODELS","ŠIKAMODELS",1,1,10,"12_2020",12100009,22100009,32100002,10203040,"Jaroslav Šika",12,"Teplice 2","",""]
[10002,"Rýč","kg",10,32,10,320,352,"A",32,null,null,"2020-12-15",100200,100200,87654321,"CZ87654321","ŠIKAMODELS","ŠIKAMODELS",1,2,20,"12_2020",12100009,22100009,32100002,10203050,"Jaroslav Šika",12,"Teplice 2","",""]
[10003,"Hrábě","ks",11,33,15,363,417.45,"A",54.45,null,null,"2020-12-15",100200,100200,87654321,"CZ87654321","ŠIKAMODELS","ŠIKAMODELS",1,3,30,"12_2020",12100009,22100009,32100002,10203060,"Jaroslav Šika",12,"Teplice 2","",""]
[10004,"Krumpáč","kg",12,34,21,408,493.68,"A",85.68,null,null,"2020-12-15",100200,100200,87654321,"CZ87654321","ŠIKAMODELS","ŠIKAMODELS",1,1,10,"12_2020",12100009,22100009,32100002,10203070,"Jaroslav Šika",12,"Teplice 2","",""]
[10001,"Lopata","ks",2,41,0,82,82,"A",0,null,null,"2020-12-15",100100,100100,44223081,"CZ44223081","PAPEI, a.s.","PAPEI, a.s.",7,1,10,"12_2020",12100010,null,"",10203040,"Jaroslav Šika",12,"Teplice 2",22100011,22100011]
[10002,"Rýč","kg",4,42,10,168,184.8,"A",16.8,null,null,"2020-12-15",100100,100100,44223081,"CZ44223081","PAPEI, a.s.","PAPEI, a.s.",7,2,20,"12_2020",12100010,null,"",10203050,"Jaroslav Šika",12,"Teplice 2",22100011,22100011]
[10003,"Hrábě","ks",6,43,15,258,296.7,"A",38.700000000000003,null,null,"2020-12-15",100100,100100,44223081,"CZ44223081","PAPEI, a.s.","PAPEI, a.s.",7,3,30,"12_2020",12100010,null,"",10203060,"Jaroslav Šika",12,"Teplice 2",22100011,22100011]
[10004,"Krumpáč","kg",8,44,21,352,425.92,"A",73.92,null,null,"2020-12-15",100100,100100,44223081,"CZ44223081","PAPEI, a.s.","PAPEI, a.s.",7,1,10,"12_2020",12100010,null,"",10203070,"Jaroslav Šika",12,"Teplice 2",22100011,22100011]
[10001,"Lopata","ks",10,31,0,310,310,"A",0,null,null,"2020-12-15",100200,100200,87654321,"CZ87654321","ŠIKAMODELS","ŠIKAMODELS",1,1,10,"12_2020",12100011,22100010,32100003,10203040,"Jaroslav Šika",12,"Teplice 2","",""]
[10002,"Rýč","kg",12,32,10,384,422.4,"A",38.4,null,null,"2020-12-15",100200,100200,87654321,"CZ87654321","ŠIKAMODELS","ŠIKAMODELS",1,2,20,"12_2020",12100011,22100010,32100003,10203050,"Jaroslav Šika",12,"Teplice 2","",""]
[10003,"Hrábě","ks",14,33,15,462,531.29999999999995,"A",69.3,null,null,"2020-12-15",100200,100200,87654321,"CZ87654321","ŠIKAMODELS","ŠIKAMODELS",1,3,30,"12_2020",12100011,22100010,32100003,10203060,"Jaroslav Šika",12,"Teplice 2","",""]
[10004,"Krumpáč","kg",16,34,21,544,658.24,"A",114.24,null,null,"2020-12-15",100200,100200,87654321,"CZ87654321","ŠIKAMODELS","ŠIKAMODELS",1,1,10,"12_2020",12100011,22100010,32100003,10203070,"Jaroslav Šika",12,"Teplice 2","",""]
[10001,"Lopata","ks",20,41,0,820,820,"A",0,null,null,"2020-12-15",100100,100100,44223081,"CZ44223081","PAPEI, a.s.","PAPEI, a.s.",7,1,10,"12_2020",12100012,null,"",10203040,"Jaroslav Šika",12,"Teplice 2",22100011,22100011]
[10002,"Rýč","kg",22,42,10,924,1016.4,"A",92.4,null,null,"2020-12-15",100100,100100,44223081,"CZ44223081","PAPEI, a.s.","PAPEI, a.s.",7,2,20,"12_2020",12100012,null,"",10203050,"Jaroslav Šika",12,"Teplice 2",22100011,22100011]
[10003,"Hrábě","ks",24,43,15,1032,1186.8,"A",154.80000000000001,null,null,"2020-12-15",100100,100100,44223081,"CZ44223081","PAPEI, a.s.","PAPEI, a.s.",7,3,30,"12_2020",12100012,null,"",10203060,"Jaroslav Šika",12,"Teplice 2",22100011,22100011]
[10004,"Krumpáč","kg",26,44,21,1144,1384.24,"A",240.24,null,null,"2020-12-15",100100,100100,44223081,"CZ44223081","PAPEI, a.s.","PAPEI, a.s.",7,1,10,"12_2020",12100012,null,"",10203070,"Jaroslav Šika",12,"Teplice 2",22100011,22100011]
[10001,"Lopata","ks",2,0,0,0,0,"N",0,null,null,"2020-12-15",100400,100400,25145125,"CZ25145125","Procházka, a.s.","Procházka, a.s.",7,1,10,"12_2020",12100013,null,"",10203040,"Jaroslav Šika",12,"Teplice 2",22100012,22100012]
[10002,"Rýč","kg",3,0,10,0,0,"N",0,null,null,"2020-12-15",100400,100400,25145125,"CZ25145125","Procházka, a.s.","Procházka, a.s.",7,2,20,"12_2020",12100013,null,"",10203050,"Jaroslav Šika",12,"Teplice 2",22100012,22100012]
[10003,"Hrábě","ks",4,0,15,0,0,"N",0,null,null,"2020-12-15",100400,100400,25145125,"CZ25145125","Procházka, a.s.","Procházka, a.s.",7,3,30,"12_2020",12100013,null,"",10203060,"Jaroslav Šika",12,"Teplice 2",22100012,22100012]
[10004,"Krumpáč","kg",5,0,21,0,0,"N",0,null,null,"2020-12-15",100400,100400,25145125,"CZ25145125","Procházka, a.s.","Procházka, a.s.",7,1,10,"12_2020",12100013,null,"",10203070,"Jaroslav Šika",12,"Teplice 2",{"$f":"AF67","v":22100012},22100012]
[10001,"Lopata","ks",9,0,0,0,0,"N",0,null,null,"2020-12-15",100400,100400,25145125,"CZ25145125","Procházka, a.s.","Procházka, a.s.",7,1,10,"12_2020",12100014,null,"",10203040,"Jaroslav Šika",12,"Teplice 2",22100012,22100012]
[10002,"Rýč","kg",8,0,10,0,0,"N",0,null,null,"2020-12-15",100400,100400,25145125,"CZ25145125","Procházka, a.s.","Procházka, a.s.",7,2,20,"12_2020",12100014,null,"",10203050,"Jaroslav Šika",12,"Teplice 2",22100012,22100012]
[10003,"Hrábě","ks",7,0,15,0,0,"N",0,null,null,"2020-12-15",100400,100400,25145125,"CZ25145125","Procházka, a.s.","Procházka, a.s.",7,3,30,"12_2020",12100014,null,"",10203060,"Jaroslav Šika",12,"Teplice 2",22100012,22100012]
[10004,"Krumpáč","kg",6,0,21,0,0,"N",0,null,null,"2020-12-15",100400,100400,25145125,"CZ25145125","Procházka, a.s.","Procházka, a.s.",7,1,10,"12_2020",12100014,null,"",10203070,"Jaroslav Šika",12,"Teplice 2",22100012,22100012]